[Event "Venice Autumn op 23rd"]
[Site "Venice"]
[Date "2016.11.01"]
[Round "5"]
[White "Loiacono, Antonio"]
[Black "Rorato, Renzo"]
[Result "1-0"]
[WhiteElo "2135"]
[BlackElo "2018"]
[PlyCount "39"]
[EventDate "2016.10.29"]
[EventType "swiss"]
[EventRounds "6"]
[EventCountry "ITA"]
[SourceTitle "CBM 175 Extra"]
[Source "ChessBase"]
[SourceDate "2016.12.12"]
[SourceVersion "1"]
[SourceVersionDate "2016.12.12"]
[SourceQuality "1"]

1. e4 d6 2. d4 g6 3. Nf3 Bg7 4. Bc4 e6 5. 0-0 a6 6. a4 b6 7. Nc3 Bb7 8. Qe2 Ne7 9. Ba2 Nd7 10. Bf4 h6 11. h3 g5 12. Bh2 Ng6 13. Qe3 Qe7 14. Ne2 f5 15. exf5 exf5 16. Qc3 0-0-0 17. Ng3 Nh4 18. Nxh4 gxh4 19. Nxf5 Qg5 20. Nxd6+ 1-0

[Event "Venice Autumn op 23rd"]
[Site "Venice"]
[Date "2016.10.29"]
[Round "1"]
[White "Omeri, Silvan"]
[Black "Rorato, Renzo"]
[Result "1-0"]
[WhiteElo "2220"]
[BlackElo "2018"]
[PlyCount "55"]
[EventDate "2016.10.29"]
[EventType "swiss"]
[EventRounds "6"]
[EventCountry "ITA"]
[SourceTitle "CBM 175 Extra"]
[Source "ChessBase"]
[SourceDate "2016.12.12"]
[SourceVersion "1"]
[SourceVersionDate "2016.12.12"]
[SourceQuality "1"]

1. d4 Nf6 2. c4 e6 3. Nc3 c5 4. d5 d6 5. e4 Be7 6. Nf3 0-0 7. Bd3 Re8 8. 0-0 exd5 9. exd5 Bg4 10. h3 Bh5 11. Bf4 a6 12. Re1 Nbd7 13. g4 Bg6 14. Qc2 Qc7 15. Bxg6 hxg6 16. g5 Nh5 17. Bh2 Bf8 18. a4 Rad8 19. Ne4 Kh7 20. Re3 f5 21. gxf6 gxf6 22. Nh4 Ne5 23. Bxe5 Rxe5 24. Nxf6+ Nxf6 25. Qxg6+ Kh8 26. Rxe5 dxe5 27. Qxf6+ Bg7 28. Qf5 1-0

[Event "Presolana op 35th"]
[Site "Presolana"]
[Date "2015.08.24"]
[Round "2"]
[White "Rorato, Renzo"]
[Black "Marchini, Daniele"]
[Result "0-1"]
[WhiteElo "1963"]
[BlackElo "1885"]
[PlyCount "126"]
[EventDate "2015.08.23"]
[EventType "swiss"]
[EventRounds "8"]
[EventCountry "ITA"]
[SourceTitle "EXT 2024"]
[Source "ChessBase"]
[SourceDate "2023.10.10"]
[SourceVersion "1"]
[SourceVersionDate "2023.10.10"]
[SourceQuality "1"]

1. Nf3 Nf6 2. c4 c5 3. Nc3 Nc6 4. g3 g6 5. Bg2 Bg7 6. 0-0 0-0 7. d4 cxd4 8. Nxd4 Nxd4 9. Qxd4 d6 10. Qd3 Ng4 11. b3 Ne5 12. Qd2 Rb8 13. Bb2 Bd7 14. Rfd1 a6 15. c5 dxc5 16. f4 Ng4 17. Qxd7 Bd4+ 18. Rxd4 cxd4 19. Qxg4 dxc3 20. Bxc3 Rc8 21. Qf3 b5 22. Qe3 Qc7 23. Rc1 Qd6 24. Bb7 Rc7 25. Bf3 Rfc8 26. Kf2 Qc5 27. Qxc5 Rxc5 28. Bb7 Rxc3 29. Rxc3 Rxc3 30. Bxa6 b4 31. Bd3 e6 32. Ke3 Kf8 33. Kd2 Rc5 34. Ke3 Ke7 35. Kd4 Kd6 36. h4 f6 37. g4 g5 38. hxg5 fxg5 39. fxg5 Rxg5 40. Bxh7 Rxg4+ 41. e4 Rg7 42. e5+ Kc6 43. Be4+ Kb6 44. Bf3 Rf7 45. Be2 Rd7+ 46. Kc4 Ka5 47. Bg4 Rd5 48. Bxe6 Rxe5 49. Bf7 Re2 50. Kc5 Rxa2 51. Be6 Rc2+ 52. Bc4 Rh2 53. Kc6 Rh8 54. Be6 Rh6 55. Kd5 Kb6 56. Ke5 Kc5 57. Bf7 Rh2 58. Ke4 Rd2 59. Ke3 Rd7 60. Bg8 Rg7 61. Bc4 Rg3+ 62. Ke4 Rg4+ 63. Ke3 Rxc4 0-1

[Event "Bratto op-B 34th"]
[Site "Bratto"]
[Date "2014.08.30"]
[Round "8"]
[White "Oppici, Gabriele"]
[Black "Rorato, Renzo"]
[Result "1-0"]
[WhiteElo "1963"]
[BlackElo "2012"]
[PlyCount "87"]
[EventDate "2014.08.23"]
[EventType "swiss"]
[EventRounds "8"]
[EventCountry "ITA"]
[SourceTitle "EXT 2017"]
[Source "ChessBase"]
[SourceDate "2016.10.25"]
[SourceVersion "1"]
[SourceVersionDate "2016.10.25"]
[SourceQuality "1"]

1. d4 d5 2. Nf3 Nf6 3. Bf4 c5 4. e3 Nc6 5. c3 Qb6 6. Qc1 Bf5 7. Nbd2 Nh5 8. Bg3 Nxg3 9. hxg3 h6 10. Be2 e6 11. 0-0 Rc8 12. Rd1 a6 13. dxc5 Bxc5 14. Nb3 Be7 15. Nbd4 Bh7 16. Bd3 Bxd3 17. Rxd3 0-0 18. Rd1 Na5 19. Ne5 Qc7 20. Nef3 Bf6 21. Qd2 Nc4 22. Qe2 Qb6 23. Rab1 Nd6 24. Nd2 Rfd8 25. Qh5 Nc4 26. N2f3 Rd6 27. g4 Qd8 28. g3 Rb6 29. b3 Nd6 30. g5 Bxg5 31. Ne5 Qe7 32. f4 Bf6 33. Nef3 Ne4 34. g4 Rxc3 35. g5 hxg5 36. Rb2 g6 37. Qh3 gxf4 38. Rh2 Rd6 39. exf4 Rd8 40. Qh7+ Kf8 41. Ne5 Bxe5 42. fxe5 Qg5+ 43. Rg2 Rg3 44. Nxe6+ 1-0

[Event "Bratto op-B 34th"]
[Site "Bratto"]
[Date "2014.08.26"]
[Round "4"]
[White "Mortola, Alberto"]
[Black "Rorato, Renzo"]
[Result "0-1"]
[WhiteElo "1949"]
[BlackElo "2012"]
[PlyCount "82"]
[EventDate "2014.08.23"]
[EventType "swiss"]
[EventRounds "8"]
[EventCountry "ITA"]
[SourceTitle "EXT 2017"]
[Source "ChessBase"]
[SourceDate "2016.10.25"]
[SourceVersion "1"]
[SourceVersionDate "2016.10.25"]
[SourceQuality "1"]

1. b4 Nf6 2. Bb2 e6 3. a3 a5 4. b5 d5 5. Nf3 Nbd7 6. e3 Bd6 7. c4 0-0 8. Be2 c5 9. d4 cxd4 10. Nxd4 dxc4 11. Bxc4 Ne5 12. Be2 Ng6 13. 0-0 Qc7 14. Nf3 e5 15. Ne1 Rd8 16. Qa4 Nd5 17. Qc4 Qxc4 18. Bxc4 Be6 19. Nd2 Bf8 20. Nef3 f6 21. Rfd1 Kf7 22. Rac1 Rac8 23. Ne4 Nb6 24. Bxe6+ Kxe6 25. Rxd8 Rxd8 26. h3 Na4 27. Rc2 Nxb2 28. Rxb2 Bxa3 29. Rc2 Rd1+ 30. Kh2 Ne7 31. Nfd2 Bb4 32. Nb3 b6 33. Nc1 Rd5 34. Ra2 Rxb5 35. Rb2 Nd5 36. g4 g6 37. Kg3 h6 38. Kf3 f5 39. gxf5+ gxf5 40. Ng3 e4+ 41. Ke2 Rc5 0-1

[Event "Bratto op-B 34th"]
[Site "Bratto"]
[Date "2014.08.25"]
[Round "3"]
[White "Rorato, Renzo"]
[Black "Bettini, Alessandro"]
[Result "1-0"]
[WhiteElo "2012"]
[BlackElo "1829"]
[PlyCount "65"]
[EventDate "2014.08.23"]
[EventType "swiss"]
[EventRounds "8"]
[EventCountry "ITA"]
[SourceTitle "EXT 2017"]
[Source "ChessBase"]
[SourceDate "2016.10.25"]
[SourceVersion "1"]
[SourceVersionDate "2016.10.25"]
[SourceQuality "1"]

1. Nf3 Nc6 2. d4 d5 3. c4 Bg4 4. cxd5 Bxf3 5. dxc6 Bxc6 6. Nc3 e6 7. e4 Bb4 8. f3 Qh4+ 9. g3 Qh5 10. Be3 0-0-0 11. Bg2 Qa5 12. Qc1 Qa6 13. a3 Bxc3+ 14. Qxc3 Ne7 15. a4 b6 16. Qa3 Kd7 17. b4 Qc8 18. b5 Bb7 19. 0-0 Ke8 20. Rfe1 Qd7 21. Rac1 Qd6 22. Qc3 c6 23. bxc6 Bxc6 24. a5 Bb7 25. Qc7 Qxc7 26. Rxc7 Rd7 27. Rec1 Ng6 28. axb6 axb6 29. Bf1 Kd8 30. Rxd7+ Kxd7 31. Bb5+ Kd8 32. d5 Ba8 33. d6 1-0

[Event "Bratto op-B 34th"]
[Site "Bratto"]
[Date "2014.08.23"]
[Round "1"]
[White "Rorato, Renzo"]
[Black "Dormio, Luca"]
[Result "1/2-1/2"]
[WhiteElo "2012"]
[BlackElo "1840"]
[PlyCount "51"]
[EventDate "2014.08.23"]
[EventType "swiss"]
[EventRounds "8"]
[EventCountry "ITA"]
[SourceTitle "EXT 2017"]
[Source "ChessBase"]
[SourceDate "2016.10.25"]
[SourceVersion "1"]
[SourceVersionDate "2016.10.25"]
[SourceQuality "1"]

1. Nf3 Nf6 2. c4 d6 3. d4 g6 4. Nc3 Bg7 5. e4 0-0 6. Be2 c5 7. 0-0 a6 8. Bg5 cxd4 9. Nxd4 Nc6 10. Nc2 Qc7 11. Qd2 Re8 12. Rac1 Be6 13. Rfd1 Ne5 14. b3 Rac8 15. Ne3 Qa5 16. Ned5 Bxd5 17. exd5 Ned7 18. Be3 Nc5 19. Ne4 Qxd2 20. Nxf6+ Bxf6 21. Rxd2 a5 22. g3 Rc7 23. Bxc5 Rxc5 24. a4 Rec8 25. Rcc2 Kf8 26. h4 1/2-1/2

[Event "ITA-ch B"]
[Site "Civitanova Marche"]
[Date "2012.07.20"]
[Round "6"]
[White "Rorato, Renzo"]
[Black "Bossoni, Mario"]
[Result "0-1"]
[WhiteElo "2053"]
[BlackElo "1919"]
[PlyCount "86"]
[EventDate "2012.07.15"]
[EventType "swiss"]
[EventRounds "8"]
[EventCountry "ITA"]
[SourceTitle "EXT 2023"]
[Source "ChessBase"]
[SourceDate "2022.10.05"]
[SourceVersion "1"]
[SourceVersionDate "2022.10.05"]
[SourceQuality "1"]

1. d4 Nf6 2. Nf3 c5 3. d5 b5 4. a4 b4 5. Bg5 d6 6. Bxf6 gxf6 7. e4 Bg7 8. Bb5+ Kf8 9. Nbd2 Nd7 10. Rb1 a6 11. Bd3 Qc7 12. Nc4 Nb6 13. Nxb6 Qxb6 14. b3 Bg4 15. h3 Bd7 16. Nd2 a5 17. Qe2 Qb7 18. f4 Re8 19. Bb5 e6 20. dxe6 Rxe6 21. 0-0 f5 22. Bxd7 Qxd7 23. Qb5 Bd4+ 24. Kh1 Qxb5 25. axb5 fxe4 26. f5 Re8 27. Nc4 d5 28. Nxa5 Ke7 29. Nc6+ Kd6 30. Nxd4 cxd4 31. Rfd1 Kc5 32. Ra1 Ra8 33. Ra6 Rxa6 34. bxa6 Ra8 35. Ra1 Kb5 36. a7 Kb6 37. Rd1 Rxa7 38. Rxd4 Kc5 39. Rd2 e3 40. Re2 Kd4 41. g4 Ke4 42. Kg2 d4 43. Kg3 Ra1 0-1

[Event "ITA-ch B"]
[Site "Civitanova Marche"]
[Date "2012.07.15"]
[Round "1"]
[White "Raselli, Claudio"]
[Black "Rorato, Renzo"]
[Result "1/2-1/2"]
[WhiteElo "1890"]
[BlackElo "2053"]
[PlyCount "95"]
[EventDate "2012.07.15"]
[EventType "swiss"]
[EventRounds "8"]
[EventCountry "ITA"]
[SourceTitle "EXT 2023"]
[Source "ChessBase"]
[SourceDate "2022.10.05"]
[SourceVersion "1"]
[SourceVersionDate "2022.10.05"]
[SourceQuality "1"]

1. Nf3 d5 2. d4 Nf6 3. e3 e6 4. Bd3 c5 5. c3 Nc6 6. Nbd2 Bd6 7. 0-0 0-0 8. dxc5 Bxc5 9. e4 e5 10. exd5 Qxd5 11. Bc4 Qd6 12. Nb3 Qxd1 13. Rxd1 Bb6 14. h3 h6 15. Be3 Bxe3 16. fxe3 e4 17. Nfd4 Ne5 18. Be2 b6 19. Nd2 Bb7 20. Nc4 Nxc4 21. Bxc4 Rac8 22. Be2 Rc5 23. Nb5 a5 24. a4 Bd5 25. Rd2 Rb8 26. Rad1 Bb3 27. Rd8+ Rxd8 28. Rxd8+ Kh7 29. Bd1 Rd5 30. Rxd5 Bxd5 31. Kf2 Nd7 32. b4 f5 33. Nd6 Kg6 34. c4 Be6 35. bxa5 bxa5 36. Nb7 Bxc4 37. Nxa5 Bd5 38. Bb3 Bxb3 39. Nxb3 Nb6 40. a5 Na8 41. Nc5 Kf6 42. g4 g5 43. gxf5 Kxf5 44. Kg3 h5 45. h4 gxh4+ 46. Kxh4 Ke5 47. Kxh5 Kd5 48. Nxe4 1/2-1/2

[Event "Forni di Sopra op 3rd"]
[Site "Forni di Sopra"]
[Date "2012.06.18"]
[Round "3"]
[White "Osmanovic, Faruk"]
[Black "Rorato, Renzo"]
[Result "1/2-1/2"]
[WhiteElo "2008"]
[BlackElo "2053"]
[PlyCount "74"]
[EventDate "2012.06.16"]
[EventType "swiss"]
[EventRounds "9"]
[EventCountry "ITA"]
[SourceTitle "CBM 149 Extra"]
[Source "ChessBase"]
[SourceDate "2012.08.24"]
[SourceVersion "1"]
[SourceVersionDate "2012.08.24"]
[SourceQuality "1"]

1. e4 c5 2. Nf3 d6 3. d4 cxd4 4. Qxd4 Nc6 5. Bb5 Bd7 6. Bxc6 Bxc6 7. Nc3 Nf6 8. Bg5 e6 9. 0-0-0 Be7 10. Kb1 h6 11. Bxf6 Bxf6 12. Qc4 0-0 13. Rd3 Qa5 14. Nd4 Rfc8 15. Qb3 Rab8 16. Rhd1 Qc5 17. f3 a6 18. Nce2 d5 19. Rc3 Qa5 20. exd5 Bxd5 21. Qa3 Qb6 22. Rxc8+ Rxc8 23. Qd3 Bc4 24. Qd2 Bxe2 25. Qxe2 Bxd4 26. c3 Bf6 27. Kc2 Qa5 28. Qe4 Rxc3+ 29. Kb1 Rc7 30. g4 Qe5 31. Rd8+ Bxd8 32. Qxe5 Kf8 33. f4 Rd7 34. Qc5+ Ke8 35. Qc2 Bf6 36. Qc8+ Bd8 37. Qc2 Bf6 1/2-1/2

[Event "Venice Autumn op 17th"]
[Site "Venice"]
[Date "2011.10.31"]
[Round "4"]
[White "Bianchi, Andrea"]
[Black "Rorato, Renzo"]
[Result "1/2-1/2"]
[WhiteElo "2142"]
[BlackElo "2044"]
[PlyCount "112"]
[EventDate "2011.10.30"]
[EventType "swiss"]
[EventRounds "5"]
[EventCountry "ITA"]
[SourceTitle "EXT 2012"]
[Source "ChessBase"]
[SourceDate "2011.11.24"]
[SourceVersion "1"]
[SourceVersionDate "2011.11.24"]
[SourceQuality "1"]

1. e4 c5 2. Nf3 d6 3. d4 cxd4 4. Qxd4 Nc6 5. Bb5 Bd7 6. Bxc6 Bxc6 7. Nc3 Nf6 8. Bg5 e6 9. 0-0-0 Be7 10. Rhe1 h6 11. Bxf6 Bxf6 12. Qxd6 Qxd6 13. Rxd6 Bxc3 14. bxc3 Ke7 15. Rd3 Bb5 16. Rd4 Rac8 17. a4 Ba6 18. Kb2 Rc7 19. Nd2 Rhc8 20. Re3 e5 21. Rd5 f6 22. Nb1 Bf1 23. g3 Bc4 24. Rd1 Rc6 25. Na3 Rb6+ 26. Kc1 Ra6 27. Nxc4 Rxc4 28. Red3 Rc7 29. f3 Rxa4 30. Kb2 Ra6 31. h4 Rb6+ 32. Kc1 Rbc6 33. Kb2 h5 34. R1d2 Rb6+ 35. Kc1 Ke6 36. Rd1 Rbc6 37. Kb2 Rb6+ 38. Kc1 Rcc6 39. Rd7 Rxc3 40. f4 exf4 41. gxf4 Rf3 42. f5+ Ke5 43. Re7+ Kf4 44. Rg1 Rf2 45. Rgxg7 Rc6 46. Kb1 Rcxc2 47. Rxb7 Rce2 48. Rg1 Rxe4 49. Rh7 Rb4+ 50. Ka1 Ra4+ 51. Kb1 Kxf5 52. Rxh5+ Kf4 53. Rh7 Rb4+ 54. Ka1 Ra4+ 55. Kb1 Rb4+ 56. Ka1 Ra4+ 1/2-1/2

[Event "Venice Autumn op 16th"]
[Site "Venice"]
[Date "2010.10.30"]
[Round "1.23"]
[White "Rorato, Renzo"]
[Black "Zamengo, Bruno"]
[Result "1-0"]
[WhiteElo "2053"]
[BlackElo "1841"]
[PlyCount "61"]
[EventDate "2010.10.30"]
[EventType "swiss"]
[EventRounds "5"]
[EventCountry "ITA"]
[SourceTitle "EXT 2011"]
[Source "ChessBase"]
[SourceDate "2010.11.26"]
[SourceVersion "1"]
[SourceVersionDate "2010.11.26"]
[SourceQuality "1"]

1. Nf3 g6 2. c4 Bg7 3. Nc3 e5 4. d4 exd4 5. Nxd4 Ne7 6. Bg5 c6 7. e4 0-0 8. Be2 Re8 9. 0-0 Qa5 10. Be3 Na6 11. a3 Qd8 12. Qd2 d5 13. Rad1 dxe4 14. Nxe4 Nc7 15. Qc1 Bd7 16. Nd6 b6 17. Nxe8 Qxe8 18. Bf3 Rc8 19. Rfe1 c5 20. Ne2 Bc6 21. Bxc6 Qxc6 22. Ng3 Ne6 23. Bd2 Qb7 24. Bc3 Nd4 25. Qf4 Nec6 26. Ne4 Be5 27. Nf6+ Bxf6 28. Qxf6 Qa6 29. Re4 Qxc4 30. Rde1 Rf8 31. Re8 1-0

[Event "ITA-ch qual"]
[Site "Saint Vincent"]
[Date "2008.07.27"]
[Round "9"]
[White "Rorato, Renzo"]
[Black "Parodi, Alessandro"]
[Result "1/2-1/2"]
[WhiteElo "2078"]
[BlackElo "2053"]
[PlyCount "51"]
[EventDate "2008.07.19"]
[EventType "swiss"]
[EventRounds "9"]
[EventCountry "ITA"]
[SourceTitle "EXT 2009"]
[Source "ChessBase"]
[SourceDate "2008.11.26"]
[SourceVersion "1"]
[SourceVersionDate "2008.11.26"]
[SourceQuality "1"]

1. Nf3 d6 2. d4 Nf6 3. c4 c5 4. Nc3 g6 5. e4 Bg7 6. Be2 0-0 7. 0-0 Nc6 8. d5 Na5 9. Bf4 b6 10. h3 Re8 11. e5 dxe5 12. Nxe5 Bd7 13. Bd3 Rc8 14. g4 Rf8 15. Qe2 Ne8 16. Rad1 Nd6 17. Rfe1 Re8 18. b3 a6 19. Ne4 Bxe5 20. Bxe5 Nxe4 21. Qxe4 Nb7 22. Qf4 f6 23. Bc3 Nd6 24. Bxf6 Rf8 25. g5 Bxh3 26. Qg3 1/2-1/2

[Event "ITA-ch qual"]
[Site "Saint Vincent"]
[Date "2008.07.25"]
[Round "7"]
[White "Rotoni, Matteo"]
[Black "Rorato, Renzo"]
[Result "1-0"]
[WhiteElo "2089"]
[BlackElo "2078"]
[PlyCount "79"]
[EventDate "2008.07.19"]
[EventType "swiss"]
[EventRounds "9"]
[EventCountry "ITA"]
[SourceTitle "EXT 2009"]
[Source "ChessBase"]
[SourceDate "2008.11.26"]
[SourceVersion "1"]
[SourceVersionDate "2008.11.26"]
[SourceQuality "1"]

1. e4 c5 2. c3 Nf6 3. e5 Nd5 4. d4 cxd4 5. cxd4 e6 6. Nc3 Nxc3 7. bxc3 Qc7 8. Bd2 d6 9. f4 b6 10. Bd3 Bb7 11. Nf3 Nd7 12. 0-0 g6 13. Qe2 Be7 14. Rae1 0-0 15. Qf2 Rfe8 16. Qg3 Bd5 17. f5 exf5 18. Bxf5 Kh8 19. Be4 Bxe4 20. Rxe4 dxe5 21. Nxe5 Nxe5 22. Qxe5+ Qxe5 23. Rxe5 f6 24. Re6 Kg8 25. Rfe1 Kf7 26. d5 Bc5+ 27. Kf1 Rxe6 28. Rxe6 Rc8 29. Ke2 Re8 30. Rxe8 Kxe8 31. c4 Kd7 32. Bf4 Bd6 33. Bxd6 Kxd6 34. a4 Kc5 35. Ke3 a6 36. Ke4 b5 37. cxb5 axb5 38. a5 f5+ 39. Ke5 b4 40. d6 1-0

[Event "Bratto op 26th"]
[Site "Bratto"]
[Date "2006.08.23"]
[Round "5"]
[White "Gangemi, Salvatore"]
[Black "Rorato, Renzo"]
[Result "1-0"]
[WhiteElo "2077"]
[BlackElo "2149"]
[PlyCount "42"]
[EventDate "2006.08.19"]
[EventType "swiss"]
[EventRounds "9"]
[EventCountry "ITA"]
[SourceTitle "CBM 113 Extra"]
[Source "ChessBase"]
[SourceDate "2006.09.14"]
[SourceVersion "1"]
[SourceVersionDate "2006.09.14"]
[SourceQuality "1"]

1. c4 e5 2. Nc3 d6 3. g3 f5 4. Bg2 Nf6 5. d3 Be7 6. e3 0-0 7. Nge2 Qe8 8. 0-0 c6 9. d4 e4 10. Qb3 Kh8 11. Bd2 Na6 12. f3 exf3 13. Bxf3 Nc7 14. Rae1 Qf7 15. e4 fxe4 16. Bxe4 Bh3 17. Rf2 d5 18. Bh1 c5 19. Nxd5 Ncxd5 20. Bxd5 Qe8 21. Nf4 Nxd5 1-0

[Event "Venice Autumn op 11th"]
[Site "Venice"]
[Date "2005.11.01"]
[Round "5"]
[White "Rorato, Renzo"]
[Black "Drezzadore, Dario"]
[Result "0-1"]
[WhiteElo "2149"]
[BlackElo "2061"]
[PlyCount "97"]
[EventDate "2005.10.29"]
[EventType "swiss"]
[EventRounds "6"]
[EventCountry "ITA"]
[SourceTitle "EXT 2006"]
[Source "ChessBase"]
[SourceDate "2005.11.24"]
[SourceVersion "1"]
[SourceVersionDate "2005.11.24"]
[SourceQuality "1"]

1. Nf3 Nf6 2. c4 g6 3. Nc3 Bg7 4. e4 d6 5. d4 0-0 6. Be2 e5 7. 0-0 Nc6 8. d5 Ne7 9. Nd2 Ne8 10. b4 f5 11. c5 Rf7 12. a4 Bf8 13. Nc4 f4 14. Rb1 g5 15. Ba3 Rg7 16. g4 h5 17. h3 Ng6 18. f3 Qf6 19. Kf2 Rf7 20. Rg1 Qh8 21. Rh1 Rh7 22. c6 b6 23. Nd2 hxg4 24. hxg4 Rh2+ 25. Rxh2 Qxh2+ 26. Kf1 Nh4 27. Bc4 Bxg4 28. fxg4 Qg2+ 29. Ke1 f3 30. Nf1 Qxg4 31. Qd2 Nf6 32. Kd1 Bh6 33. Bd3 Nh5 34. Kc2 Nf4 35. Ne3 Qg3 36. Rh1 Kg7 37. Bc1 Nfg2 38. Nf5+ Nxf5 39. exf5 Rh8 40. Ne4 Qf4 41. Qf2 Qg4 42. Qg3 Qxg3 43. Nxg3 Nf4 44. Nh5+ Kf7 45. Be4 g4 46. Nxf4 exf4 47. Bxf4 Bg7 48. Rxh8 Bxh8 49. Bxd6 0-1

[Event "Venice Autumn op 11th"]
[Site "Venice"]
[Date "2005.11.01"]
[Round "6"]
[White "Rorato, Renzo"]
[Black "Xia, Jie"]
[Result "1/2-1/2"]
[WhiteElo "2149"]
[BlackElo "2111"]
[PlyCount "108"]
[EventDate "2005.10.29"]
[EventType "swiss"]
[EventRounds "6"]
[EventCountry "ITA"]
[SourceTitle "EXT 2006"]
[Source "ChessBase"]
[SourceDate "2005.11.24"]
[SourceVersion "1"]
[SourceVersionDate "2005.11.24"]
[SourceQuality "1"]

1. Nf3 Nf6 2. c4 g6 3. Nc3 Bg7 4. e4 d6 5. d4 0-0 6. Be2 Nc6 7. d5 Nb8 8. h3 a5 9. 0-0 Na6 10. Be3 e5 11. Nd2 Ne8 12. f4 exf4 13. Bxf4 c6 14. Be3 Nf6 15. Qe1 Nd7 16. Qf2 Nb4 17. Rac1 Ne5 18. Qg3 h6 19. dxc6 bxc6 20. Nf3 Qe7 21. Rfd1 Be6 22. Nxe5 dxe5 23. a3 Na6 24. Qf2 Rfd8 25. Na4 Qb7 26. Bb6 Rxd1+ 27. Rxd1 Nb8 28. Rd8+ Kh7 29. b3 Nd7 30. Rxa8 Qxa8 31. Nc5 Nxb6 32. Nxe6 fxe6 33. Qxb6 h5 34. g4 h4 35. Qf2 Qd8 36. Kg2 Kg8 37. c5 Bh6 38. Bc4 Bf4 39. Bxe6+ Kg7 40. Bc4 Kh6 41. a4 Kg5 42. Kf3 Qd1+ 43. Kg2 Qc1 44. Qf1 Qc3 45. Qd3 Qb2+ 46. Kf3 Qh2 47. Qd8+ Kh6 48. Qh8+ Kg5 49. Qd8+ Kh6 50. Qxh4+ Kg7 51. Qe7+ Kh6 52. Qh4+ Kg7 53. Qe7+ Kh6 54. Qh4+ Kg7 1/2-1/2

[Event "Venice Autumn op 11th"]
[Site "Venice"]
[Date "2005.10.30"]
[Round "2"]
[White "Rorato, Renzo"]
[Black "Efimov, Igor"]
[Result "0-1"]
[WhiteElo "2149"]
[BlackElo "2403"]
[PlyCount "64"]
[EventDate "2005.10.29"]
[EventType "swiss"]
[EventRounds "6"]
[EventCountry "ITA"]
[SourceTitle "EXT 2006"]
[Source "ChessBase"]
[SourceDate "2005.11.24"]
[SourceVersion "1"]
[SourceVersionDate "2005.11.24"]
[SourceQuality "1"]

1. Nf3 e6 2. c4 c5 3. Nc3 b6 4. g3 Bb7 5. Bg2 Nf6 6. 0-0 Be7 7. d4 cxd4 8. Qxd4 0-0 9. b3 d6 10. Bb2 a6 11. Rfd1 Nbd7 12. Nd2 Bxg2 13. Kxg2 Qc7 14. Nde4 Ne8 15. f3 Rc8 16. Ba3 Nc5 17. Nxc5 bxc5 18. Qf4 f5 19. Rd3 Rf6 20. Rad1 Rg6 21. Qe3 h5 22. f4 h4 23. Rg1 hxg3 24. hxg3 Kf7 25. Qf3 Nf6 26. e4 Qa5 27. exf5 exf5 28. Bb2 Rh8 29. Re1 Rh5 30. Rxe7+ Kxe7 31. Qb7+ Kf8 32. Nd5 Qe1 0-1

[Event "Venice Autumn op 11th"]
[Site "Venice"]
[Date "2005.10.30"]
[Round "3"]
[White "Zarpellon, Daniele"]
[Black "Rorato, Renzo"]
[Result "1-0"]
[WhiteElo "2010"]
[BlackElo "2149"]
[PlyCount "183"]
[EventDate "2005.10.29"]
[EventType "swiss"]
[EventRounds "6"]
[EventCountry "ITA"]
[SourceTitle "EXT 2006"]
[Source "ChessBase"]
[SourceDate "2005.11.24"]
[SourceVersion "1"]
[SourceVersionDate "2005.11.24"]
[SourceQuality "1"]

1. e4 c5 2. Nf3 d6 3. d4 cxd4 4. Nxd4 Nf6 5. Nc3 a6 6. Bc4 e6 7. Bb3 b5 8. f3 Be7 9. Be3 Qc7 10. Qd2 Nc6 11. Nce2 Ne5 12. 0-0 Nc4 13. Bxc4 bxc4 14. c3 0-0 15. Ng3 d5 16. e5 Ne8 17. f4 f5 18. Rf3 Bd7 19. Nf1 Rb8 20. Qe2 Qd8 21. Rh3 g6 22. Re1 Ng7 23. Kh1 h5 24. Rf3 Qa5 25. a3 Rb7 26. h3 Kf7 27. Bc1 Rh8 28. g3 Qd8 29. Ne3 Rb6 30. Kg2 Qf8 31. Rff1 Bc5 32. Nf3 Be7 33. Nc2 Qa8 34. Ncd4 Rbb8 35. Nh2 Rh7 36. Rh1 Rbh8 37. Reg1 Ne8 38. Qd1 Nc7 39. g4 hxg4 40. hxg4 Nb5 41. g5 Nxd4 42. cxd4 Qc6 43. Nf3 Qa4 44. Qxa4 Bxa4 45. Bd2 Bc2 46. Rxh7+ Rxh7 47. Rh1 Rxh1 48. Kxh1 Be4 49. Kg2 Ke8 50. Kf2 Bxf3 51. Kxf3 Kd7 52. Ke3 Kc6 53. Bc3 Kb5 54. Kd2 Ka4 55. Kc2 Bd8 56. Bb4 Bb6 57. Kc3 a5 58. Bd6 Bd8 59. Kc2 Bxg5 60. fxg5 f4 61. Bc7 f3 62. Kd2 Kb3 63. Bxa5 Kxb2 64. Ke3 Kxa3 65. Kxf3 Kb2 66. Ke2 c3 67. Kd3 c2 68. Bd2 c1Q 69. Bxc1+ Kxc1 70. Kc3 Kd1 71. Kb4 Kd2 72. Kc5 Kd3 73. Kd6 Kxd4 74. Kxe6 Kc4 75. Kf6 d4 76. e6 d3 77. e7 d2 78. e8Q d1Q 79. Qe6+ Kb4 80. Kxg6 Qc2+ 81. Qf5 Qc6+ 82. Qf6 Qe8+ 83. Kg7 Qd7+ 84. Kg8 Qd5+ 85. Kg7 Qd7+ 86. Kh6 Qh3+ 87. Kg6 Qd3+ 88. Qf5 Qd6+ 89. Qf6 Qd3+ 90. Kf7 Qh7+ 91. Ke8 Qe4+ 92. Qe7+ 1-0

[Event "Caorle op-B"]
[Site "Caorle"]
[Date "1991.07.12"]
[Round "7.12"]
[White "Mambrini, Augusto"]
[Black "Rorato, Renzo"]
[Result "1/2-1/2"]
[WhiteElo "2006"]
[BlackElo "1971"]
[PlyCount "110"]
[EventDate "1991.07.05"]
[EventType "swiss"]
[EventRounds "8"]
[EventCountry "ITA"]
[SourceTitle "EXT 2023"]
[Source "ChessBase"]
[SourceDate "2022.10.05"]
[SourceVersion "1"]
[SourceVersionDate "2022.10.05"]
[SourceQuality "1"]

1. d4 d6 2. c4 e5 3. Nf3 e4 4. Ng5 f5 5. Nc3 Be7 6. Nh3 Nf6 7. e3 c6 8. Nf4 0-0 9. h4 Na6 10. Be2 Nc7 11. Qb3 Kh8 12. h5 Rb8 13. Bd2 Ne6 14. g3 Nxf4 15. gxf4 Ng8 16. d5 c5 17. Nb1 Bf6 18. Bc3 a6 19. a4 b6 20. Bxf6 Rxf6 21. Nd2 Bd7 22. Qc3 Rh6 23. Nf1 Qf6 24. Qxf6 Nxf6 25. Ng3 a5 26. b3 g6 27. Kd2 gxh5 28. Bxh5 Rf8 29. Rag1 Nxh5 30. Rxh5 Rxh5 31. Nxh5 Be8 32. Ng3 Rf6 33. Ke2 Bg6 34. f3 exf3+ 35. Kxf3 Rf7 36. Rh1 Re7 37. Ne2 Kg7 38. Rg1 Kf6 39. Rh1 Kg7 40. Nc3 Kf6 41. Nb5 Rd7 42. Rh4 Kg7 43. Nc3 Re7 44. Nd1 Kf6 45. Nf2 Kg7 46. Nh3 Kf6 47. Ng5 Kg7 48. Kf2 Kf8 49. Nf3 Kg7 50. Nd2 Kg8 51. Nf1 Kf7 52. Ng3 Kf6 53. e4 fxe4 54. Ke3 Re8 55. Rh6 Kg7 1/2-1/2